<?xml version="1.0" encoding="UTF-8"?>
<collection xmlns="http://www.loc.gov/MARC21/slim">
 <record>
  <leader>01387nam a2200217Ia 4500</leader>
  <controlfield tag="001">CTU_185244</controlfield>
  <controlfield tag="008">210402s9999    xx            000 0 und d</controlfield>
  <datafield tag="082" ind1=" " ind2=" ">
   <subfield code="a">632.9</subfield>
  </datafield>
  <datafield tag="082" ind1=" " ind2=" ">
   <subfield code="b">Ph561</subfield>
  </datafield>
  <datafield tag="088" ind1=" " ind2=" ">
   <subfield code="a">60620112</subfield>
  </datafield>
  <datafield tag="100" ind1=" " ind2=" ">
   <subfield code="a">Mai, Như Phương</subfield>
  </datafield>
  <datafield tag="245" ind1=" " ind2="0">
   <subfield code="a">Đánh giá khả năng gây hại của vi khuẩn Ralstonia solanacearum và nấm Sclerotium rolfsii trên xà lách Xoong (Nasturtium Officinale  R. Br) - nghiên cứu phòng trị bệnh bằng biện pháp sinh học và hóa học trong điều kiện In Vitro :</subfield>
  </datafield>
  <datafield tag="245" ind1=" " ind2="0">
   <subfield code="b">Luận văn tốt nghiệp cao học. Ngành Bảo vệ Thực vật</subfield>
  </datafield>
  <datafield tag="245" ind1=" " ind2="0">
   <subfield code="c">Mai Như Phương ; Nguyễn Thị Thu Nga (Cán bộ hướng dẫn)</subfield>
  </datafield>
  <datafield tag="260" ind1=" " ind2=" ">
   <subfield code="a">Cần Thơ</subfield>
  </datafield>
  <datafield tag="260" ind1=" " ind2=" ">
   <subfield code="b">Trường Đại học Cần Thơ</subfield>
  </datafield>
  <datafield tag="260" ind1=" " ind2=" ">
   <subfield code="c">2013</subfield>
  </datafield>
  <datafield tag="520" ind1=" " ind2=" ">
   <subfield code="a">Tìm hiểu về khả năng gây hại của vi khuẩn R. solanacearum và nấm S. rolfsii để nghiên cứu tìm ra thuốc hóa học cũng như tác nhân phòng trừ sinh học đạt hiệu quả phòng trị cao trong điều kiện nhà lưới và ngoài đồng.</subfield>
  </datafield>
  <datafield tag="650" ind1=" " ind2=" ">
   <subfield code="a">Thuốc hóa học,Watercress,Chemicals,Ralstonia solanacearum,Xà lách xoong,Rhizobacteria</subfield>
  </datafield>
  <datafield tag="910" ind1=" " ind2=" ">
   <subfield code="a">Trúc</subfield>
  </datafield>
  <datafield tag="980" ind1=" " ind2=" ">
   <subfield code="a">Trung tâm Học liệu Trường Đại học Cần Thơ</subfield>
  </datafield>
 </record>
</collection>
